| 000 | 00620nam a2200217Ia 4500 | ||
|---|---|---|---|
| 003 | GCL | ||
| 008 | 140319s9999 xx 000 0 ara d | ||
| 040 |
_aGCL / _cGCL |
||
| 082 | 0 | 4 |
_a811.6 _bا د |
| 100 | 1 | _aاحسان عباس | |
| 245 | 1 | 0 |
_aديوان ابن سهل الاندلسى / _cاحسان عباس |
| 700 | 1 | _aابن سهل الاندلسى | |
| 260 |
_a[S.N] : _bدار صادر ، _c1980 |
||
| 300 | _a380 ص | ||
| 490 | _a | ||
| 650 | 0 | 4 | _aالشعر العربى |
| 650 | 0 | 4 | _aالادب العربى |
| 650 | 0 | 4 | _aدواوين وقصائد |
| 650 | 0 | 4 | _aتاريخ ونقد |
| 942 |
_2ddc _cBK |
||
| 999 |
_c31342 _d31342 |
||